| 000 | 00917nas a2200265 454500 | ||
|---|---|---|---|
| 001 | 46033 | ||
| 005 | 20260407193511.0 | ||
| 008 | 260407s2007####ag###########|||spa#d | ||
| 003 | AR-UNSa-BCEJYS | ||
| 040 |
_aAR-UNSa-BCEJYS _bspa _cAR-UNSa-BCEJYS |
||
| 080 |
_a304.4 _xAspectos generales de las políticas y prácticas sociales y culturales (política social) |
||
| 245 | 1 | 0 | _aSerie de documentos de trabajo sobre politicas sociales |
| 264 | 1 |
_aBuenos Aires : _bBanco Mundial _c2007 |
|
| 310 | _aFrecuencia: Irregular | ||
| 041 | _aspa | ||
| 942 | _cSER | ||
| 590 | _aniveau_biblio:s niveau_hierar:1 | ||
| 100 | 1 | _aBanco Mundial | |
| 650 | _aBienestar social | ||
| 650 | _aPlanificación económica | ||
| 650 | _aPlanificación social | ||
| 650 | _aDESARROLLO SOCIAL | ||
| 650 | _aPOLÍTICAS SOCIALES | ||
| 856 | 4 | 1 |
_uhttps://www.biblioeco.unsa.edu.ar/pmb/images/revistas/R21838.jpg _yImagen de portada _qimage/jpeg |
| 999 |
_c8945 _d8945 |
||